000
00280nam a2200109Ia 4500
008
190914s9999||||xx |||||||||||||| ||und||
100
_a
Lexicon Publications
245
0
_a
Lexicon Universal Encyclopedia
260
_a
USA
_b
Lexicon Publications
_c
1992
300
_a
236
942
_c
BK
999
_c
9215
_d
9215